01229nas a2200313Ia 450000100030000000300100000300500170001300800410003003700740007104000460014504100130019124500970020426000330030126400670033430000260040131000200042733600220044733700190046933800060048836200090049454600230050365000270052677300700055381000120062394200150063595201230065095201250077399900170089873CO-MdFUSB20170221113640.0151030s9999 xx 000 0 s d bAsociación Bautista de Instituciones Teológicas Hispanoamericanas aCO-MdFUSBbspacCO-MdFUSBdCO-MdFUSBerda0 aspahspa10aDiálogo TeológicocAsociación Bautista de Instituciones Teológicas Hispanoamericanas aEstados Unidos de América  aEstados Unidos de América :b Casa Bautista de Publicaciones aVolumen 19-20c22 cm. aNo aplicab1982 2rdacontenta1ba1 2rdamediaa2b5 a2 a1982 aTexto en español vPublicaciones seriadas dEstados Unidos de América, Casa Bautista de Publicaciones, 1982 hRevista cCR2ddca3 001040708HEM960880aFUSBCbFUSBCcREVd2005-01-31hVolumen 19, (1982)l0o pR0360r2019-12-12 00:00:00tEj. 1yCR 001040708HEM960881aFUSBCbFUSBCcREVd2005-01-31hVolumen 20, (1982) l0o pR0361r2019-12-12 00:00:00tEj. 1yCR c49474d49474